| 000 | 01379cam a22003857a 4500 | ||
|---|---|---|---|
| 001 | 15991511 | ||
| 003 | OSt | ||
| 005 | 20140310182841.0 | ||
| 008 | 091120s2009 enka 001 0 eng d | ||
| 010 | _a 2009517629 | ||
| 020 | _a9780199152612 | ||
| 035 | _a(OCoLC)ocn213301926 | ||
| 040 |
_aBTCTA _cBTCTA _dBAKER _dYDXCP _dCUL _dDLC |
||
| 042 | _alccopycat | ||
| 050 | 0 | 0 |
_aD 16.2 _b.C226 2009 |
| 082 |
_aM 909.82 _bC226 2009 |
||
| 245 | 0 | 0 |
_a20th century world history : _bcourse companion / _cCannon, Martin... [et. al.] |
| 246 | 1 | _aAt head of title: IB diploma programme | |
| 260 |
_aNew York : _bOxford University Press, _cc2009. |
||
| 300 |
_a512 p. : _bill. : (some col.) ; _c28 cm. |
||
| 490 | 0 | _aCourse companion series | |
| 500 | _aIncludes index. | ||
| 521 | _aCollege Students | ||
| 526 | _c1210L to 1700L | ||
| 541 | _j1 | ||
| 562 | _e1 | ||
| 650 | 0 |
_aHistory _xStudy and teaching (Secondary) |
|
| 650 | 0 |
_aInternational baccalaureate _vStudy guides. |
|
| 700 | 1 | _aCannon, Martin. | |
| 710 | 2 | _aInternational Baccalaureate Organization. | |
| 856 | 4 | 2 |
_3Publisher description _uhttp://www.loc.gov/catdir/enhancements/fy1002/2009517629-d.html |
| 906 |
_a7 _bcbc _ccopycat _d2 _encip _f20 _gy-gencatlg |
||
| 942 |
_2lcc _cBK _kM |
||
| 999 |
_c16855 _d16855 |
||